000 00617nam a2200241Ia 4500
003 OSt
005 20220924152145.0
006 a|||||r|||| 00| 0
007 ta
008 220923b |||||||| |||| 00| 0 ara d
024 _a341241
037 _cTextual
040 _aARTS
_cARTS
_bara
041 _2ara
_aara
082 _aO28,6x, N8
100 _aIbrahim Muneer Ahmad Au.
_9225994
245 0 _aMin rodad al-misrah al-misri
260 _c1998
300 _a149p.
_ccm.
650 _aARABIC PROSE
942 _hO28,6x, N8
_cTEXL
_2CC
999 _c468939
_d468939